The noble scholar, jurist, historian


 His Excellency Dr. Abdul Wahhab bin Ibrahim Abu Sulaiman, may Allah have mercy on him.


 He was born in Umm Al-Qura in the year 1356 AH.

البدور النيرات في اختصار دلائل الخيرات / (Record no. 14833)

MARC details
000 -LEADER
fixed length control field 01819cam a22003011i 4500
003 - CONTROL NUMBER IDENTIFIER
control field SA-RiAUC
005 - DATE AND TIME OF LATEST TRANSACTION
control field 20260419141732.0
008 - FIXED-LENGTH DATA ELEMENTS--GENERAL INFORMATION
fixed length control field 260419s2002 ||| g 000 0 ara c
040 ## - CATALOGING SOURCE
Original cataloging agency EG-CaDAJ
Language of cataloging ara
Transcribing agency SA-RiAUC
Description conventions rda
082 04 - DEWEY DECIMAL CLASSIFICATION NUMBER
Classification number 237.3
090 ## - LOCALLY ASSIGNED LC-TYPE CALL NUMBER (OCLC); LOCAL CALL NUMBER (RLIN)
Classification number (OCLC) (R) ; Classification number, CALL (RLIN) (NR) 237.3
Local cutter number (OCLC) ; Book number/undivided call number, CALL (RLIN) ح س ي
100 1# - MAIN ENTRY--PERSONAL NAME
Personal name الحسيني، أويس بن عبد الله المجتبئي
Relator term مؤلف.
245 12 - TITLE STATEMENT
Title البدور النيرات في اختصار دلائل الخيرات /
Statement of responsibility, etc. اختصار أبو الزهراء أويس بن عبد الله المجتبئ الحسيني.
264 #1 - PRODUCTION, PUBLICATION, DISTRIBUTION, MANUFACTURE, AND COPYRIGHT NOTICE
Place of production, publication, distribution, manufacture [مكان النشر غير محدد] :
Name of producer, publisher, distributor, manufacturer دار المصطفى،
Date of production, publication, distribution, manufacture, or copyright notice 2002
300 ## - PHYSICAL DESCRIPTION
Extent 90 صفحة؛
Dimensions 17 سم.
336 ## - CONTENT TYPE
Content type term نص
Content type code txt
Source rdacontent
Materials specified كتاب
337 ## - MEDIA TYPE
Media type term بدون وسيط
Media type code n
Source rdamedia
338 ## - CARRIER TYPE
Carrier type term مجلد
Carrier type code nc
Source rdacarrier
501 ## - WITH NOTE
With note معه : الصلوات المدنية على صاحب الطلعة البهية / أبو الزهراء أويس بن عبد الله المجتبئ الحسيني.
650 #7 - SUBJECT ADDED ENTRY--TOPICAL TERM
Topical term or geographic name entry element الصلاة على النبي (صلى الله عليه وسلم)
Source of heading or term aucsh
650 #7 - SUBJECT ADDED ENTRY--TOPICAL TERM
Topical term or geographic name entry element الأدعية والأوراد
Source of heading or term aucsh
700 12 - ADDED ENTRY--PERSONAL NAME
Personal name الجزولي، محمد بن سليمان بن عبد الرحمن،
Dates associated with a name 807-870 هجري.
Title of a work دلائل الخيرات وشوارق الأنوار في ذكر الصلاة على النبي المختار
700 1# - ADDED ENTRY--PERSONAL NAME
Personal name الحسيني، أبو الزهراء أويس بن عبد الله المجتبئ.
Title of a work الصلوات المدنية على صاحب الطلعة البهية
740 02 - ADDED ENTRY--UNCONTROLLED RELATED/ANALYTICAL TITLE
Uncontrolled related/analytical title دلائل الخيرات وشوارق الأنوار في ذكر الصلاة على النبي المختار.
740 22 - ADDED ENTRY--UNCONTROLLED RELATED/ANALYTICAL TITLE
Uncontrolled related/analytical title الصلوات المدنية على صاحب الطلعة البهية.
942 ## - ADDED ENTRY ELEMENTS (KOHA)
Source of classification or shelving scheme Dewey Decimal Classification
Koha item type Books
Suppress in OPAC No
949 ## - LOCAL PROCESSING INFORMATION (OCLC)
a SA-JeALM
d 260419
u mohamedma123
n 1
Holdings
Withdrawn status Lost status Source of classification or shelving scheme Damaged status Not for loan Home library Current library Date acquired Total checkouts Full call number Barcode Date last seen Price effective from Koha item type
    Dewey Decimal Classification     DR AbdElwahab Library DR AbdElwahab Library 04/19/2026   237.3 ح س ي 000023435 04/19/2026 04/19/2026 Books